Physics Part I (Record no. 165487)

MARC details
000 -LEADER
fixed length control field 00408nam a2200169Ia 4500
008 - FIXED-LENGTH DATA ELEMENTS--GENERAL INFORMATION
fixed length control field 230612s9999 xx 000 0 und d
041 ## - LANGUAGE CODE
Language code of text/sound track or separate title eng
082 ## - DEWEY DECIMAL CLASSIFICATION NUMBER
Classification number 530 RES
100 ## - MAIN ENTRY--PERSONAL NAME
Personal name Resnick R.
245 ## - TITLE STATEMENT
Title Physics Part I
260 ## - PUBLICATION, DISTRIBUTION, ETC. (IMPRINT)
Date of publication, distribution, etc. 1970
Name of publisher, distributor, etc. Wiely Eastern Pub
300 ## - PHYSICAL DESCRIPTION
Extent 710
365 ## - TRADE PRICE
Currency code Rs.
Price amount 75.00
700 ## - ADDED ENTRY--PERSONAL NAME
Personal name Resnick R. & Halliday D.
906 ## - LOCAL DATA ELEMENT F, LDF (RLIN)
d B:1020-Nov-1992
c PHY
Holdings
Withdrawn status Lost status Damaged status Not for loan Home library Current library Date acquired Vendor Budget Code Cost, normal purchase price Bill number Total Checkouts Full call number Barcode Date last seen Cost, replacement price Bill Date Koha item type Original Barcode
        Cummins College of Engineering for Women Pune Cummins College of Engineering for Women Pune 08/12/1992 Pradeep Book Distributors PHY 75.00 10   530 RES CCEP-BK-1205 12/06/2023 75.00 20/11/1992 Books 001205